[Event "Battle of Senta op 24th"]
[Site "Senta"]
[Date "2020.07.12"]
[Round "3"]
[White "Nestorovic, Irena"]
[Black "Albers, Sasa"]
[Result "0-1"]
[WhiteElo "2008"]
[BlackElo "2120"]
[PlyCount "56"]
[EventDate "2020.07.11"]
[EventType "swiss"]
[EventRounds "9"]
[EventCountry "SRB"]
[SourceTitle "CBM 197 Extra"]
[Source "ChessBase"]
[SourceDate "2020.09.30"]
[SourceVersion "1"]
[SourceVersionDate "2020.09.30"]
[SourceQuality "1"]

1. d4 Nf6 2. c4 e6 3. Nc3 Bb4 4. Qc2 0-0 5. a3 Bxc3+ 6. Qxc3 b6 7. Bg5 Bb7 8. f3 h6 9. Bh4 d5 10. e3 Nbd7 11. b4 c5 12. dxc5 bxc5 13. b5 e5 14. cxd5 g5 15. Bf2 Nxd5 16. Qd2 e4 17. Bc4 Ne5 18. Rc1 Qe7 19. Qe2 Nb6 20. h4 Nbxc4 21. Rxc4 Nxc4 22. Qxc4 Qe5 23. Qc1 a6 24. hxg5 hxg5 25. f4 Qg7 26. Nh3 axb5 27. Nxg5 b4 28. Rh7 Qc3+ 0-1

[Event "Battle of Senta op 24th"]
[Site "Senta"]
[Date "2020.07.11"]
[Round "1"]
[White "Nestorovic, Irena"]
[Black "Ivanovic, Marko"]
[Result "0-1"]
[WhiteElo "2008"]
[BlackElo "2267"]
[PlyCount "61"]
[EventDate "2020.07.11"]
[EventType "swiss"]
[EventRounds "9"]
[EventCountry "SRB"]
[SourceTitle "CBM 197 Extra"]
[Source "ChessBase"]
[SourceDate "2020.09.30"]
[SourceVersion "1"]
[SourceVersionDate "2020.09.30"]
[SourceQuality "1"]

1. d4 d6 2. c4 e5 3. Nc3 exd4 4. Qxd4 Nc6 5. Qd2 Nf6 6. e4 Be6 7. b3 a5 8. f3 Nd7 9. Nge2 a4 10. Nxa4 Bxc4 11. bxc4 Rxa4 12. Nc3 Ra8 13. Bb2 Nce5 14. f4 Ng6 15. g3 c6 16. Bh3 Nc5 17. 0-0 Qb6 18. Kh1 Be7 19. Rab1 Qa6 20. Qd4 Rd8 21. Qxg7 Qxc4 22. Bf5 Bf8 23. Qf6 Rg8 24. Nd5 cxd5 25. exd5 Qxd5+ 26. Kg1 Be7 27. Rbe1 Ne5 28. Qh6 Nf3+ 29. Rxf3 Qxf5 30. Bf6 Ne6 31. Bc3 0-1

[Event "SRB-chT (Women)"]
[Site "Subotica"]
[Date "2019.08.31"]
[Round "10.3"]
[White "Nestorovic, Irena"]
[Black "Milivojevic, Jelena"]
[Result "0-1"]
[WhiteElo "2050"]
[BlackElo "1983"]
[PlyCount "84"]
[EventDate "2019.08.22"]
[EventType "team-tourn"]
[EventRounds "11"]
[EventCountry "SRB"]
[SourceTitle "EXT 2020"]
[Source "ChessBase"]
[SourceDate "2019.10.17"]
[SourceVersion "1"]
[SourceVersionDate "2019.10.17"]
[SourceQuality "1"]
[WhiteTeam "Novi Sad Sah Kruzok (W)"]
[BlackTeam "Novi Sad CC (W)"]
[WhiteTeamCountry "SRB"]
[BlackTeamCountry "SRB"]

1. d4 Nf6 2. c4 d6 3. Nf3 g6 4. Nc3 Bg7 5. e4 0-0 6. Be2 a5 7. 0-0 c6 8. h3 e5 9. Be3 Nfd7 10. Qd2 Na6 11. Rfd1 Qc7 12. dxe5 dxe5 13. Na4 Re8 14. a3 Bf8 15. Qc2 Ndc5 16. Nxc5 Nxc5 17. b4 axb4 18. axb4 Rxa1 19. Rxa1 Na6 20. c5 Nxb4 21. Qc3 Na6 22. Nd2 Qe7 23. Bxa6 bxa6 24. Nc4 Qh4 25. f3 Qg3 26. Bf2 Qg5 27. h4 Qf6 28. Rd1 h5 29. Nb6 g5 30. hxg5 Qxg5 31. Nxc8 Rxc8 32. Rd7 Rb8 33. Qc4 Qf6 34. Qd3 h4 35. Ra7 Rb2 36. Ra8 Qg5 37. Qe3 Rb1+ 38. Kh2 Qf6 39. Rxa6 Bh6 40. Qd3 Bf4+ 41. g3 hxg3+ 42. Kg2 Qh4 0-1

[Event "SRB-chT (Women)"]
[Site "Subotica"]
[Date "2019.08.29"]
[Round "8.4"]
[White "Nestorovic, Irena"]
[Black "Velikic, Adela"]
[Result "0-1"]
[WhiteElo "2050"]
[BlackElo "2252"]
[PlyCount "100"]
[EventDate "2019.08.22"]
[EventType "team-tourn"]
[EventRounds "11"]
[EventCountry "SRB"]
[SourceTitle "EXT 2020"]
[Source "ChessBase"]
[SourceDate "2019.10.17"]
[SourceVersion "1"]
[SourceVersionDate "2019.10.17"]
[SourceQuality "1"]
[WhiteTeam "Novi Sad Sah Kruzok (W)"]
[BlackTeam "Goracici Jelica (W)"]
[WhiteTeamCountry "SRB"]
[BlackTeamCountry "SRB"]

1. d4 d5 2. c4 c6 3. Nf3 Nf6 4. Nc3 e6 5. cxd5 exd5 6. Bg5 Nbd7 7. e3 Be7 8. Bd3 Ne4 9. Bxe7 Qxe7 10. Bxe4 dxe4 11. Nd2 Nf6 12. Qc2 Bf5 13. h3 0-0 14. Nb3 Rfe8 15. 0-0 Qd7 16. Qe2 b6 17. Rad1 Rad8 18. Nd2 Bg6 19. Nc4 Bh5 20. g4 Nxg4 21. hxg4 Bxg4 22. f3 Bxf3 23. Rxf3 exf3 24. Qxf3 Re6 25. Ne5 Qe7 26. Qf5 Rf6 27. Qg4 Rh6 28. Kf2 Re8 29. Rg1 f6 30. Qf4 Rh5 31. Nxc6 Qe6 32. d5 Qh3 33. e4 Qd3 34. Qf3 Rh2+ 35. Rg2 Qc2+ 36. Kg3 Qc1 37. Qf2 h5 38. Nd4 Rxg2+ 39. Kxg2 Qg5+ 40. Kh2 Qe5+ 41. Kg2 Qg5+ 42. Qg3 Qd2+ 43. Qf2 Qg5+ 44. Kf3 Qg4+ 45. Ke3 h4 46. Nf5 h3 47. Ng3 Re5 48. Qf3 Qc8 49. Nf5 Qxf5 50. Qg3 Qg5+ 0-1

[Event "SRB-chT (Women)"]
[Site "Subotica"]
[Date "2019.08.22"]
[Round "1.3"]
[White "Nestorovic, Irena"]
[Black "Chelushkina, Irina"]
[Result "0-1"]
[WhiteElo "2050"]
[BlackElo "2275"]
[PlyCount "130"]
[EventDate "2019.08.22"]
[EventType "team-tourn"]
[EventRounds "11"]
[EventCountry "SRB"]
[SourceTitle "EXT 2020"]
[Source "ChessBase"]
[SourceDate "2019.10.17"]
[SourceVersion "1"]
[SourceVersionDate "2019.10.17"]
[SourceQuality "1"]
[WhiteTeam "Novi Sad Sah Kruzok (W)"]
[BlackTeam "Belgrade Bas (W)"]
[WhiteTeamCountry "SRB"]
[BlackTeamCountry "SRB"]

1. d4 d6 2. c4 e5 3. Nc3 Nc6 4. d5 Nce7 5. e4 Ng6 6. g3 Be7 7. h4 h6 8. Be2 Nf6 9. Be3 Nf8 10. Nh3 c5 11. Bf3 a6 12. a4 Bd7 13. Bg2 Qc8 14. a5 Bd8 15. Bd2 Bc7 16. Ng1 Qd8 17. Nb1 Bc8 18. Bc3 N8d7 19. Nd2 0-0 20. Qf3 Nh7 21. Bh3 Ndf6 22. Bxc8 Qxc8 23. Qf5 Qxf5 24. exf5 g6 25. fxg6 fxg6 26. Ne2 Rae8 27. 0-0 g5 28. hxg5 hxg5 29. f3 e4 30. f4 Ng4 31. Rfe1 Ne3 32. Ra4 Bd8 33. b4 cxb4 34. Bxb4 b5 35. cxb5 axb5 36. Ra2 Nxd5 37. Bxd6 Rf6 38. Be5 Ra6 39. Nc3 Nb4 40. Rxe4 Nxa2 41. Nxa2 Bxa5 42. Nb4 Bb6+ 43. Kg2 Ra4 44. Nd5 Ra2 45. Nxb6 Rxd2+ 46. Kf3 Rd3+ 47. Re3 Rxe3+ 48. Kxe3 Nf6 49. Kd4 Ng4 50. Bc7 gxf4 51. gxf4 Re1 52. Nd5 Rc1 53. Ba5 Rc4+ 54. Kd3 Nf2+ 55. Ke3 Nd1+ 56. Kd3 Kf7 57. Bb6 Nb2+ 58. Ke3 b4 59. Bd4 Ke6 60. Ke4 b3 61. f5+ Kf7 62. Ne3 Ra4 63. Ng4 Nd1 64. Ne5+ Ke8 65. f6 Rxd4+ 0-1

[Event "SRB-chT (Women)"]
[Site "Valjevo"]
[Date "2018.09.08"]
[Round "9.3"]
[White "Rapport, Jovana"]
[Black "Nestorovic, Irena"]
[Result "1-0"]
[WhiteElo "2348"]
[BlackElo "2005"]
[PlyCount "91"]
[EventDate "2018.08.31"]
[EventType "team-tourn"]
[EventRounds "11"]
[EventCountry "SRB"]
[SourceTitle "CBM 186 Extra"]
[Source "ChessBase"]
[SourceDate "2018.08.24"]
[SourceVersion "1"]
[SourceVersionDate "2018.08.24"]
[SourceQuality "1"]
[WhiteTeam "Rudovci Radnicki (W)"]
[BlackTeam "Sahmatni kruzok (W)"]
[WhiteTeamCountry "SRB"]
[BlackTeamCountry "SRB"]

1. d4 d5 2. Bf4 Nf6 3. e3 c5 4. Nc3 e6 5. Nb5 Na6 6. c3 Be7 7. Be2 Ne4 8. a4 0-0 9. f3 Nd6 10. Nh3 cxd4 11. exd4 Nc7 12. Nxc7 Qxc7 13. Qc2 Qd8 14. Bd3 g6 15. Nf2 Nf5 16. Qd2 Re8 17. Ng4 f6 18. 0-0 Bf8 19. Rfe1 Bd7 20. Qc2 Bg7 21. Qb3 Qb6 22. Qxb6 axb6 23. b3 Rec8 24. Rac1 Kf7 25. Nf2 Bf8 26. g4 Nh4 27. Re3 g5 28. Bg3 Ng6 29. Re2 Ba3 30. Rcc2 h6 31. Nd1 Ne7 32. Bb5 Bxb5 33. axb5 Ng6 34. b4 Nf4 35. Bxf4 gxf4 36. Kf1 Re8 37. Nf2 e5 38. dxe5 d4 39. Nd3 dxc3 40. Rxc3 Rec8 41. e6+ Ke7 42. Rxc8 Rxc8 43. Nxf4 Rd8 44. Re4 Bb2 45. Ng6+ Kd6 46. Nh4 1-0

[Event "SRB-chT (Women)"]
[Site "Valjevo"]
[Date "2018.09.07"]
[Round "8.2"]
[White "Nestorovic, Irena"]
[Black "Salimova, Nurgyul"]
[Result "0-1"]
[WhiteElo "2005"]
[BlackElo "2352"]
[PlyCount "62"]
[EventDate "2018.08.31"]
[EventType "team-tourn"]
[EventRounds "11"]
[EventCountry "SRB"]
[SourceTitle "CBM 186 Extra"]
[Source "ChessBase"]
[SourceDate "2018.08.24"]
[SourceVersion "1"]
[SourceVersionDate "2018.08.24"]
[SourceQuality "1"]
[WhiteTeam "Sahmatni kruzok (W)"]
[BlackTeam "Banovci Dunav (W)"]
[WhiteTeamCountry "SRB"]
[BlackTeamCountry "SRB"]

1. d4 Nf6 2. c4 e6 3. Nc3 Bb4 4. e3 0-0 5. Bd3 d5 6. a3 Be7 7. Nge2 dxc4 8. Bxc4 c5 9. 0-0 Nc6 10. Ba2 b6 11. dxc5 Bxc5 12. Qa4 Bb7 13. Rd1 Qe7 14. b4 Bd6 15. Ng3 h5 16. Bb1 h4 17. Nf1 h3 18. Ne4 hxg2 19. Nfg3 Bxg3 20. hxg3 Ne5 21. Nd6 Rfd8 22. Nxb7 Qxb7 23. e4 Nxe4 24. Bb2 Nf3+ 25. Kxg2 Neg5 26. Kf1 Nh2+ 27. Ke1 Qh1+ 28. Ke2 Qf3+ 29. Ke1 Ng4 30. Rxd8+ Rxd8 31. Qc2 Rd1+ 0-1

[Event "Senta op 22nd"]
[Site "Senta"]
[Date "2018.07.21"]
[Round "9"]
[White "Nadj, Zoltan"]
[Black "Nestorovic, Irena"]
[Result "1-0"]
[WhiteElo "2066"]
[BlackElo "2007"]
[PlyCount "57"]
[EventDate "2018.07.14"]
[EventType "swiss"]
[EventRounds "9"]
[EventCountry "SRB"]
[SourceTitle "CBM 185 Extra"]
[Source "ChessBase"]
[SourceDate "2018.07.29"]
[SourceVersion "1"]
[SourceVersionDate "2018.07.29"]
[SourceQuality "1"]

1. Nf3 d5 2. g3 g6 3. Bg2 Bg7 4. 0-0 e5 5. d3 Ne7 6. c4 c6 7. Qc2 0-0 8. cxd5 cxd5 9. Nc3 Nbc6 10. Bg5 f6 11. Bd2 Be6 12. Rfc1 Qd7 13. Na4 b6 14. Nc3 Rac8 15. Qa4 d4 16. Nb5 Bd5 17. Ne1 a5 18. a3 Na7 19. Bb4 Bxg2 20. Nxg2 Nxb5 21. Bxe7 Rfe8 22. Qb3+ Kh8 23. a4 Na7 24. Ba3 Rc6 25. Rxc6 Qxc6 26. Qf7 Nc8 27. b3 Bh6 28. Ne1 Bd2 29. Bf8 1-0

[Event "SRB-chT (Women)"]
[Site "Novi Sad"]
[Date "2017.09.10"]
[Round "10.2"]
[White "Nestorovic, Irena"]
[Black "Vega Gutierrez, Sabrina Neide"]
[Result "1/2-1/2"]
[WhiteElo "1990"]
[BlackElo "2373"]
[PlyCount "68"]
[EventDate "2017.09.01"]
[EventType "team-tourn"]
[EventRounds "11"]
[EventCountry "SRB"]
[SourceTitle "CBM 180 Extra"]
[Source "ChessBase"]
[SourceDate "2017.10.06"]
[SourceVersion "1"]
[SourceVersionDate "2017.10.06"]
[SourceQuality "1"]
[WhiteTeam "Novi Sad Sah Kruzok (W)"]
[BlackTeam "Cuprija Radnicki (W)"]
[WhiteTeamCountry "SRB"]
[BlackTeamCountry "SRB"]

1. d4 d5 2. c4 e6 3. Nf3 c6 4. Qc2 Nf6 5. e3 Nbd7 6. Nc3 Bd6 7. Bd3 dxc4 8. Bxc4 b5 9. Bd3 Bb7 10. 0-0 0-0 11. Ng5 h6 12. Nge4 Nxe4 13. Nxe4 Be7 14. Rd1 Qb6 15. Qe2 Rfd8 16. Ng3 c5 17. Bxb5 Nf6 18. Bd3 cxd4 19. exd4 Rxd4 20. Be3 Qc6 21. f3 Rd5 22. Rac1 Bc5 23. Ne4 Bxe3+ 24. Qxe3 Qb6 25. Nxf6+ gxf6 26. Qxb6 axb6 27. Bc4 Rc5 28. Bb3 Rac8 29. Rxc5 Rxc5 30. Kf2 Bc6 31. Rd4 b5 32. Rd2 Rg5 33. Rd6 Rc5 34. Rd2 Rg5 1/2-1/2

[Event "Belgrade Jezero op"]
[Site "Belgrade"]
[Date "2017.08.08"]
[Round "4"]
[White "Nestorovic, Irena"]
[Black "Jeremic, Milan"]
[Result "1/2-1/2"]
[WhiteElo "1976"]
[BlackElo "2180"]
[PlyCount "107"]
[EventDate "2017.08.05"]
[EventType "swiss"]
[EventRounds "9"]
[EventCountry "SRB"]
[SourceTitle "CBM 180 Extra"]
[Source "ChessBase"]
[SourceDate "2017.10.06"]
[SourceVersion "1"]
[SourceVersionDate "2017.10.06"]
[SourceQuality "1"]

1. d4 d5 2. c4 e6 3. Nc3 Nf6 4. Bg5 Be7 5. cxd5 exd5 6. Qc2 0-0 7. e3 h6 8. Bh4 Re8 9. Bd3 c5 10. Nge2 Nc6 11. a3 Bg4 12. 0-0 Bxe2 13. Nxe2 cxd4 14. Nxd4 Nxd4 15. exd4 Qb6 16. Qd2 Ne4 17. Bxe4 Bxh4 18. Bxd5 Rad8 19. Bf3 Rxd4 20. Qc2 Red8 21. Rad1 Bf6 22. b4 g6 23. g3 h5 24. h4 Kg7 25. Kg2 Be5 26. Qc5 Qxc5 27. bxc5 Rxd1 28. Rxd1 Rxd1 29. Bxd1 Bd4 30. Bf3 Bxc5 31. Bxb7 Bxa3 32. Ba6 Kf6 33. Kf3 Bc5 34. Ke2 g5 35. hxg5+ Kxg5 36. Bc4 f6 37. Ba6 h4 38. gxh4+ Kxh4 39. Kf3 Kg5 40. Bc8 a5 41. Bd7 Kg6 42. Ke2 Kf7 43. f3 Ke7 44. Bb5 Kd6 45. Kd3 Kd5 46. Bd7 Bd4 47. Be8 Kc5 48. Bd7 Be5 49. Kc2 Kb4 50. Kb1 a4 51. Be6 Kc3 52. Ka2 Bd6 53. Bd7 a3 54. Bc6 1/2-1/2

[Event "Belgrade Jezero op"]
[Site "Belgrade"]
[Date "2017.08.07"]
[Round "3"]
[White "Nestorovic, Irena"]
[Black "Zivkovic, Marko"]
[Result "1/2-1/2"]
[WhiteElo "1976"]
[BlackElo "2222"]
[PlyCount "97"]
[EventDate "2017.08.05"]
[EventType "swiss"]
[EventRounds "9"]
[EventCountry "SRB"]
[SourceTitle "CBM 180 Extra"]
[Source "ChessBase"]
[SourceDate "2017.10.06"]
[SourceVersion "1"]
[SourceVersionDate "2017.10.06"]
[SourceQuality "1"]

1. d4 Nf6 2. c4 d6 3. Nc3 e5 4. dxe5 dxe5 5. Qxd8+ Kxd8 6. Bg5 c6 7. 0-0-0+ Kc7 8. e3 Be6 9. Nf3 Nfd7 10. Bh4 f6 11. Bg3 a5 12. Be2 Na6 13. Nd4 Bf7 14. Rd2 Ndc5 15. Rhd1 g6 16. Nc2 Bg7 17. f4 Kb6 18. fxe5 fxe5 19. Bh4 Ka7 20. Rf1 Be6 21. Rdd1 Rhe8 22. Bf6 Bxf6 23. Rxf6 Nb4 24. g4 Kb6 25. b3 Rad8 26. Ne1 a4 27. Rxd8 Rxd8 28. Nxa4+ Nxa4 29. bxa4 Nxa2+ 30. Kc2 Bg8 31. c5+ Ka5 32. Rd6 Rf8 33. Nf3 Bd5 34. Nxe5 Rf2 35. Kd2 Rxh2 36. Rd7 Nc1 37. Kxc1 Rxe2 38. Rxb7 Rxe3 39. Re7 Re4 40. Kd2 Kxa4 41. Kd3 Kb4 42. Nxc6+ Kxc5 43. Rxe4 Bxe4+ 44. Kxe4 Kxc6 45. Ke5 Kd7 46. Kf6 Ke8 47. Kg5 Kf7 48. Kh6 Kg8 49. g5 1/2-1/2

[Event "SRB-chT (Women)"]
[Site "Kragujevac"]
[Date "2016.10.02"]
[Round "11.2"]
[White "Nestorovic, Irena"]
[Black "Drljevic, Ljilja"]
[Result "1-0"]
[WhiteElo "1985"]
[BlackElo "2207"]
[PlyCount "45"]
[EventDate "2016.09.22"]
[EventType "team-tourn"]
[EventRounds "11"]
[EventCountry "SRB"]
[SourceTitle "CBM 174 Extra"]
[Source "ChessBase"]
[SourceDate "2016.10.10"]
[SourceVersion "1"]
[SourceVersionDate "2016.10.10"]
[SourceQuality "1"]
[WhiteTeam "Sahmatni kruzok (W)"]
[BlackTeam "BAS (W)"]
[WhiteTeamCountry "SRB"]
[BlackTeamCountry "SRB"]

1. d4 d6 2. c4 Nd7 3. Nc3 e5 4. Nf3 Ngf6 5. e4 Be7 6. Be2 0-0 7. 0-0 c6 8. h3 Qe8 9. Re1 Bd8 10. Bf1 Qe7 11. Rb1 Bb6 12. b4 exd4 13. Nxd4 Qe5 14. Nf5 Re8 15. Nxd6 Bc7 16. c5 Bxd6 17. cxd6 Qxc3 18. Bb2 Qxb4 19. Bxf6 Qa3 20. Rb3 Qxa2 21. Bxg7 Nf8 22. Bxf8 Kxf8 23. Qd4 1-0

[Event "SRB-chT (Women)"]
[Site "Kragujevac"]
[Date "2015.08.22"]
[Round "3.4"]
[White "Gajcin, Marina"]
[Black "Nestorovic, Irena"]
[Result "1-0"]
[WhiteElo "2149"]
[BlackElo "1988"]
[PlyCount "73"]
[EventDate "2015.08.20"]
[EventType "team-tourn"]
[EventRounds "11"]
[EventCountry "SRB"]
[SourceTitle "EXT 2016"]
[Source "ChessBase"]
[SourceDate "2015.10.08"]
[SourceVersion "1"]
[SourceVersionDate "2015.10.08"]
[SourceQuality "1"]
[WhiteTeam "Sombor (W)"]
[BlackTeam "Novi Sad Kruzok (W)"]
[WhiteTeamCountry "SRB"]
[BlackTeamCountry "SRB"]

1. e4 e5 2. Nf3 Nc6 3. Bc4 Nf6 4. d3 Be7 5. 0-0 0-0 6. Re1 d6 7. a4 a6 8. a5 h6 9. c3 Nh7 10. Be3 Kh8 11. Qb3 Qe8 12. Nbd2 Rb8 13. d4 Bf6 14. d5 Ne7 15. Bxa6 Ng5 16. Be2 Bd7 17. Ba7 Nxf3+ 18. Nxf3 Bg5 19. Bxb8 Qxb8 20. Nxg5 hxg5 21. a6 b6 22. a7 Qa8 23. Ra3 f5 24. f3 Bc8 25. Ba6 Bxa6 26. Rxa6 Qb7 27. Rea1 Ra8 28. Qb5 Qc8 29. b4 Kh7 30. Qd3 f4 31. h3 Ng6 32. c4 Nf8 33. c5 bxc5 34. bxc5 Nd7 35. cxd6 cxd6 36. Qb5 Qc7 37. Rc6 1-0

[Event "Senta op 19th"]
[Site "Senta"]
[Date "2015.07.13"]
[Round "4"]
[White "Nagy, Attila"]
[Black "Nestorovic, Irena"]
[Result "1-0"]
[WhiteElo "2207"]
[BlackElo "2019"]
[PlyCount "57"]
[EventDate "2015.07.11"]
[EventType "swiss"]
[EventRounds "9"]
[EventCountry "SRB"]
[SourceTitle "EXT 2016"]
[Source "ChessBase"]
[SourceDate "2015.10.08"]
[SourceVersion "1"]
[SourceVersionDate "2015.10.08"]
[SourceQuality "1"]

1. Nf3 Nf6 2. g3 e6 3. Bg2 d5 4. 0-0 Be7 5. c4 c6 6. d4 0-0 7. Nc3 Nbd7 8. Qc2 dxc4 9. Rd1 Nd5 10. a3 f5 11. e4 Nxc3 12. bxc3 Nb6 13. Ne5 Bd6 14. a4 a5 15. Rb1 Ra6 16. Be3 Qe7 17. Bf1 fxe4 18. Nxc4 Bc7 19. Ne5 Ra8 20. c4 Qa3 21. Qxe4 Qxa4 22. Bd3 g6 23. Nxg6 Rf7 24. Ne5 Bxe5 25. dxe5 Nd7 26. Qg4+ Kf8 27. Qxe6 Qa3 28. Qh6+ Kg8 29. e6 1-0

[Event "SRB-chT (Women)"]
[Site "Palic"]
[Date "2014.09.07"]
[Round "9.1"]
[White "Prudnikova, Svetlana"]
[Black "Nestorovic, Irena"]
[Result "0-1"]
[WhiteElo "2349"]
[BlackElo "2009"]
[PlyCount "74"]
[EventDate "2014.08.30"]
[EventType "team-tourn"]
[EventRounds "11"]
[EventCountry "SRB"]
[SourceTitle "CBM 162 Extra"]
[Source "ChessBase"]
[SourceDate "2014.10.17"]
[SourceVersion "1"]
[SourceVersionDate "2014.10.17"]
[SourceQuality "1"]
[WhiteTeam "Goracici Jelica (W)"]
[BlackTeam "Novi Sad SK (W)"]
[WhiteTeamCountry "SRB"]
[BlackTeamCountry "SRB"]

1. d4 Nf6 2. c4 e6 3. Nc3 Bb4 4. e3 b6 5. Nge2 Bb7 6. a3 Be7 7. Nf4 d6 8. Be2 Nbd7 9. 0-0 0-0 10. Qc2 c5 11. d5 e5 12. Nd3 Ne8 13. f4 Bf6 14. Ne4 exf4 15. Nxf6+ Nexf6 16. exf4 b5 17. b3 Re8 18. Bb2 bxc4 19. bxc4 Qe7 20. Rae1 Qe4 21. Bg4 Qg6 22. Bh3 Nb6 23. Bc1 Rxe1 24. Rxe1 Re8 25. Rxe8+ Nxe8 26. Qe2 Kf8 27. Be3 Qe4 28. Nxc5 Qxc4 29. Nd7+ Ke7 30. Qe1 Qe4 31. Nxb6 axb6 32. Bg4 Kf8 33. Bf3 Qd3 34. a4 Qb3 35. g3 Nf6 36. Qc1 Nxd5 37. Bf2 Qxf3 0-1

[Event "SRB-chT (Women)"]
[Site "Palic"]
[Date "2014.09.06"]
[Round "8.4"]
[White "Nestorovic, Irena"]
[Black "Rapport, Jovana"]
[Result "1/2-1/2"]
[WhiteElo "2009"]
[BlackElo "2312"]
[PlyCount "148"]
[EventDate "2014.08.30"]
[EventType "team-tourn"]
[EventRounds "11"]
[EventCountry "SRB"]
[SourceTitle "CBM 162 Extra"]
[Source "ChessBase"]
[SourceDate "2014.10.17"]
[SourceVersion "1"]
[SourceVersionDate "2014.10.17"]
[SourceQuality "1"]
[WhiteTeam "Novi Sad SK (W)"]
[BlackTeam "Belgrade BAS (W)"]
[WhiteTeamCountry "SRB"]
[BlackTeamCountry "SRB"]

1. d4 e6 2. c4 b6 3. Nc3 Bb7 4. a3 f5 5. Nf3 Nf6 6. e3 Ne4 7. Nxe4 Bxe4 8. Ne5 Qf6 9. f3 Bb7 10. Bd2 Bd6 11. Bc3 f4 12. exf4 Qxf4 13. Qd2 Qh4+ 14. Qf2 Qh6 15. Qd2 Qh4+ 16. Qf2 Be7 17. Bd3 Qxf2+ 18. Kxf2 Bh4+ 19. Ke2 0-0 20. Rhf1 d6 21. Ng4 Nd7 22. b4 Rae8 23. g3 Bd8 24. Be4 d5 25. Bd3 c5 26. Ne5 Bc8 27. Rab1 Bf6 28. f4 a6 29. dxc5 bxc5 30. bxc5 Nxc5 31. Bb4 Be7 32. Rfc1 Nxd3 33. Kxd3 g5 34. Bxe7 Rxe7 35. Ke3 dxc4 36. Rxc4 Bb7 37. Rbc1 gxf4+ 38. gxf4 Kg7 39. Rc7 Rfe8 40. Rg1+ Kf8 41. Nd7+ Kf7 42. Rd1 Bc8 43. Ne5+ Kf6 44. Rdc1 Bb7 45. Nd7+ Rxd7 46. Rxd7 Bd5 47. Rcc7 h5 48. Rf7+ Kg6 49. Rg7+ Kh6 50. Rg5 Rb8 51. Kd4 Ba2 52. Ke5 Re8 53. Rc3 Bb1 54. Rh3 Bg6 55. Rhg3 Bh7 56. Rg7 Rc8 57. Kxe6 Rc6+ 58. Kd5 Rf6 59. Ke5 Rf5+ 60. Kd4 Rxf4+ 61. Kc3 h4 62. R7g4 hxg3 63. Rxf4 g2 64. Rg4 Be4 65. Kd4 Kh5 66. Rg3 Bc6 67. Ke3 a5 68. Kf2 a4 69. Rxg2 Bxg2 70. Kxg2 Kg4 71. Kf2 Kh3 72. Ke3 Kxh2 73. Kd4 Kg3 74. Kc4 Kf4 1/2-1/2

[Event "SRB-chT (Women)"]
[Site "Palic"]
[Date "2014.08.31"]
[Round "2.1"]
[White "Nestorovic, Irena"]
[Black "Velikic, Adela"]
[Result "0-1"]
[WhiteElo "2009"]
[BlackElo "2145"]
[PlyCount "120"]
[EventDate "2014.08.30"]
[EventType "team-tourn"]
[EventRounds "11"]
[EventCountry "SRB"]
[SourceTitle "CBM 162 Extra"]
[Source "ChessBase"]
[SourceDate "2014.10.17"]
[SourceVersion "1"]
[SourceVersionDate "2014.10.17"]
[SourceQuality "1"]
[WhiteTeam "Novi Sad SK (W)"]
[BlackTeam "Belgrade Radnicki (W)"]
[WhiteTeamCountry "SRB"]
[BlackTeamCountry "SRB"]

1. d4 d5 2. c4 dxc4 3. e3 Nf6 4. Bxc4 e6 5. Nc3 a6 6. a3 c5 7. Nf3 b5 8. Be2 Bb7 9. 0-0 Nbd7 10. Qd3 Be7 11. Rd1 0-0 12. Ng5 h6 13. Bf3 Bxf3 14. Nxf3 Qc7 15. Bd2 Rfd8 16. Rac1 Qb7 17. Qb1 Rac8 18. Be1 a5 19. dxc5 Nxc5 20. Nd4 b4 21. axb4 axb4 22. Nce2 Bf8 23. Rc4 Nce4 24. Rdc1 Rxc4 25. Rxc4 e5 26. Nb3 Qd5 27. Qc2 Nc3 28. Rc7 Nxe2+ 29. Kf1 Ne8 30. Ra7 Qd3 31. Qxd3 Rxd3 32. Na5 Nc1 33. Ra8 Nf6 34. Bxb4 Rd1+ 35. Be1 Nd3 36. Ke2 Rxe1+ 37. Kxd3 g6 38. Nc4 e4+ 39. Kd4 Kg7 40. Ra7 Rd1+ 41. Kc3 Nd5+ 42. Kb3 Rf1 43. Rd7 Nf6 44. Rd2 Ng4 45. h3 Nxf2 46. Ne5 Nd3 47. Nxd3 exd3 48. Kc4 Rc1+ 49. Kxd3 Bb4 50. Rf2 Rd1+ 51. Kc2 Re1 52. Kd3 Bc5 53. Rf3 Kf8 54. e4 Ke7 55. Kc4 Bd6 56. Kd3 Rd1+ 57. Kc2 Rd4 58. Re3 Ke6 59. Kc3 Bc5 60. Re2 Ke5 0-1

[Event "Senta op 18th"]
[Site "Senta"]
[Date "2014.07.20"]
[Round "3"]
[White "Nestorovic, Irena"]
[Black "Olajos, Gyozo"]
[Result "1-0"]
[WhiteElo "2018"]
[BlackElo "1665"]
[PlyCount "41"]
[EventDate "2014.07.19"]
[EventType "swiss"]
[EventRounds "9"]
[EventCountry "SRB"]
[SourceTitle "CBM 161 Extra"]
[Source "ChessBase"]
[SourceDate "2014.08.29"]
[SourceVersion "1"]
[SourceVersionDate "2014.08.29"]
[SourceQuality "1"]

1. d4 Nf6 2. Nf3 d5 3. c4 Bf5 4. Nc3 e6 5. Qb3 b6 6. cxd5 Nxd5 7. e4 Nxc3 8. exf5 Nd5 9. fxe6 fxe6 10. Bd2 Bd6 11. 0-0-0 0-0 12. Bd3 Nd7 13. Ng5 Rf6 14. Bxh7+ Kh8 15. Be4 c6 16. Qh3+ Kg8 17. Qh7+ Kf8 18. Qh8+ Ke7 19. Qxg7+ Ke8 20. Bg6+ Rxg6 21. Qf7# 1-0

[Event "Vojvodina-ch 5th"]
[Site "Novi Sad"]
[Date "2014.07.12"]
[Round "1"]
[White "Lajthajm, Borko"]
[Black "Nestorovic, Irena"]
[Result "1/2-1/2"]
[WhiteElo "2526"]
[BlackElo "2018"]
[PlyCount "67"]
[EventDate "2014.07.12"]
[EventType "swiss"]
[EventRounds "9"]
[EventCountry "YUG"]
[SourceTitle "CBM 161 Extra"]
[Source "ChessBase"]
[SourceDate "2014.08.29"]
[SourceVersion "1"]
[SourceVersionDate "2014.08.29"]
[SourceQuality "1"]

1. d4 Nf6 2. c4 e6 3. Nc3 Bb4 4. g3 0-0 5. Bg2 d5 6. cxd5 exd5 7. Bg5 c6 8. Qb3 Be7 9. Nf3 Nbd7 10. 0-0 Re8 11. Rad1 Qb6 12. Qc2 h6 13. Bf4 Nf8 14. Ne5 Be6 15. Be3 Ng4 16. Nxg4 Bxg4 17. f3 Bh5 18. Bf2 Rad8 19. h3 Bf6 20. f4 Ne6 21. f5 Nxd4 22. Rxd4 Bxd4 23. g4 Bxg4 24. hxg4 Bxf2+ 25. Rxf2 Re3 26. Qd2 Rde8 27. Bf3 Qb4 28. a3 Qd6 29. Nd1 Rb3 30. Rg2 Qf6 31. Nc3 Qh4 32. g5 Rxb2 33. Qxb2 Qe1+ 34. Kh2 1/2-1/2